Nekfeu - Statistiques

Statistiques générales
  • Ce quiz a été pris 693 fois
  • Le résultat moyen est 7 sur 15
Statistiques - réponses
Phrases Sons % Correct
Être en couple, ça fait mal que quand t'y tiens On verra
83%
Comme j'étais absent six mois, tu me fuis Vu que dans mes concerts, y'a moitié de filles Galatée
78%
On s'exporte, en sexe, on s'explose J'suis le premier ex-pauvre à t'emmener voir des expos Princesse
76%
Même sous jet lag, j'reste un gentleman... Menteur ! Égérie
69%
J'me défoule contre tes textes (sku sku) Pendant qu'Hakim pilote l'Audi (sku sku sku) Squa
69%
Mon avis sur ta mixtape ? Hum, XD Menteur menteur
65%
Un jour j'achèterai l'immeuble entier Juste pour être sûr qu'on te laisse entrer Avant tu riais
57%
Scène de baiser tourné avec une actrice, c'était du jeu mais son cœur a vibré (Méchant ! Méchant !) Voyage Léger
51%
Ici, tu n'es pas là mais ton souvenir me suit où que j'aille et ça m'fait mal Rien d'étonnant qu'en japonais l'amour se dise aïe Premier pas
44%
Quand j'vois mon père, j'ai rien à lui dire j'aimerais l'prendre dans mes bras Nekketsu
41%
Laisse-moi te présenter ma team, oui, on vient du même quartier Au coeur du G
26%
T'as beau me dire que tu maîtrises mais t'es quand même alcoolique Ça me rend triste, même quand tu m'souris d'un air mélancolique Takotsubo
23%
Les connes lâchent un comm : "Tu t'es amochi, t'as pris quoi ?" Réalitée Augmentée
22%
Rappelle-toi, ils voulaient même pas m'donner l'heure Maintenant, j'fais des sapes pour pas porter les leurs Jeux vidéo et débats
19%
Un jour, elle m'a dit : "je t'aime" et mes yeux scintillèrent La moue des morts
15%
Aucun quiz correspondant
Distribution des résultats
% des personnes avec chaque résultat
Percentile par nombre de réponses
Votre historique - résultats
Vous n’avez pas pris ce quiz